Energías alternativas.
Guardado en:
| Formato: | |
|---|---|
| Materias: | |
| Etiquetas: |
Agregar Etiqueta
Sin Etiquetas, Sea el primero en etiquetar este registro!
|
| LEADER | 00794ngm a22002295g 4500 | ||
|---|---|---|---|
| 001 | CEM.cems022935 | ||
| 008 | 130507b2009##################0###0#####d | ||
| 005 | 20241127140806.0 | ||
| 245 | 0 | 0 | |a Energías alternativas. |
| 300 | |a 30'. | ||
| 500 | |a En soporte VHS, consultar en ventanilla. | ||
| 505 | 0 | |a El uso de energías alternativas. Molinos eólicos. Uso del hidrógeno. Energía solar a través de paneles solares. | |
| 538 | |a Soporte: VHS - Norma: Pal N - Color: Si - Grabación DRD 2009 - Hitachi=1590. | ||
| 082 | 9 | 1 | |/ ENC |
| 653 | |a ENERGIA | ||
| 653 | |a ENERGIAS ALTERNATIVAS | ||
| 653 | |a MOLINOS EOLICOS | ||
| 653 | |a EOLICA | ||
| 653 | |a SOLAR | ||
| 653 | |a NIVEL PRIMARIO | ||
| 653 | |a NIVEL SECUNDARIO | ||
| 859 | |a CEMS |b BIB. CEMS - Depto. Recursos Didacticos |h 910 |i ENC |k DRD |p 1578.12 |t Ej.1 | ||
